Análisis de los acuerdos de los planes de igualdad (Record no. 61109)
[ view plain ]
| 000 -LEADER | |
|---|---|
| campo de control de longitud fija | 02782nam a2200397Ia 4500 |
| 008 - DATOS DE LONGITUD FIJA--INFORMACIÓN GENERAL | |
| campo de control de longitud fija | 241111s2024 sp 000 0 spa d |
| 020 ## - NÚMERO INTERNACIONAL ESTÁNDAR DEL LIBRO | |
| Número Internacional Estándar del Libro | 978-84-8417-634-3 |
| 041 ## - CÓDIGO DE IDIOMA | |
| Código de lengua del texto/banda sonora o título independiente | spa |
| 245 00 - MENCIÓN DEL TÍTULO | |
| Título | Análisis de los acuerdos de los planes de igualdad |
| Mención de responsabilidad, etc. | / dirección Mª Luisa Molero Marañón y Patricia Nieto Rojas ; Cristina Aragón Gómez ... [et al.] ; presentación Jesús Cruz Villalón |
| 260 ## - PUBLICACIÓN, DISTRIBUCIÓN, ETC. | |
| Lugar de publicación, distribución, etc. | Madrid : |
| Nombre del editor, distribuidor, etc. | Ministerio de Trabajo y Economía Social, Subdirección General de Informes, Recursos y Publicaciones, |
| Fecha de publicación, distribución, etc. | [2024] |
| 300 ## - DESCRIPCIÓN FÍSICA | |
| Extensión | 468 p. ; |
| Dimensiones | 30 cm |
| 490 ## - MENCIÓN DE SERIE | |
| Mención de serie | Informes y estudios ; relaciones laborales, |
| Designación de volumen o secuencia | 140 |
| 500 ## - NOTA GENERAL | |
| Nota general | Contiene: La negociación de planes de igualdad en las empresas: marco normativo / Patricia Nieto Rojas. - Criterios para la conformación de la muestra de planes de igualdad analizados / Carlos Roberto Campo. - Análisis del cumplimiento gradual de la obligación real y su control / Cristina Aragón Gómez . - Procedimiento de negociación de los planes de igualdad / María Luisa Molero Marañón. - Valoración general del diagnóstico de situación / Mónica Llano Sánchez. - Proceso de selección, contratación y formación / M. Begoña García Gil. - Clasificación profesional, valoración de puestos de trabajo y promoción profesional / Mónica Llano Sánchez. - Tiempo de trabajo y ejercicio corresponsable de los derechos de conciliación / M. Begoña García Gil. - Condiciones retributivas: especial atención al tratamiento de los instrumentos de transparencia retributiva / Macarena Castro Conde. - Salud laboral, prevención frente al acoso, violencia de género y lenguaje inclusivo / Patricia Nieto Rojas. - Listado de planes de igualdad |
| 650 #0 - PUNTO DE ACCESO ADICIONAL DE MATERIA--TÉRMINO DE MATERIA | |
| Término de materia o nombre geográfico como elemento de entrada | IGUALDAD DE DERECHOS |
| 9 (RLIN) | 1832 |
| 650 #0 - PUNTO DE ACCESO ADICIONAL DE MATERIA--TÉRMINO DE MATERIA | |
| Término de materia o nombre geográfico como elemento de entrada | IGUALDAD DE GENERO |
| 9 (RLIN) | 5513 |
| 650 #0 - PUNTO DE ACCESO ADICIONAL DE MATERIA--TÉRMINO DE MATERIA | |
| Término de materia o nombre geográfico como elemento de entrada | IGUALDAD DE REMUNERACION |
| 9 (RLIN) | 402 |
| 650 #0 - PUNTO DE ACCESO ADICIONAL DE MATERIA--TÉRMINO DE MATERIA | |
| Término de materia o nombre geográfico como elemento de entrada | NEGOCIACION COLECTIVA |
| 9 (RLIN) | 74 |
| 650 #0 - PUNTO DE ACCESO ADICIONAL DE MATERIA--TÉRMINO DE MATERIA | |
| Término de materia o nombre geográfico como elemento de entrada | CONVENIO COLECTIVO |
| 9 (RLIN) | 297 |
| 650 #0 - PUNTO DE ACCESO ADICIONAL DE MATERIA--TÉRMINO DE MATERIA | |
| Término de materia o nombre geográfico como elemento de entrada | PLAN DE ACCION |
| 9 (RLIN) | 1075 |
| 650 ## - PUNTO DE ACCESO ADICIONAL DE MATERIA--TÉRMINO DE MATERIA | |
| Término de materia o nombre geográfico como elemento de entrada | MUJERES |
| 9 (RLIN) | 199 |
| 650 #0 - PUNTO DE ACCESO ADICIONAL DE MATERIA--TÉRMINO DE MATERIA | |
| Término de materia o nombre geográfico como elemento de entrada | DERECHOS DE LA MUJER |
| 9 (RLIN) | 392 |
| 650 #0 - PUNTO DE ACCESO ADICIONAL DE MATERIA--TÉRMINO DE MATERIA | |
| Término de materia o nombre geográfico como elemento de entrada | CONCILIACION VIDA FAMILIAR Y LABORAL |
| 9 (RLIN) | 5515 |
| 650 #0 - PUNTO DE ACCESO ADICIONAL DE MATERIA--TÉRMINO DE MATERIA | |
| Término de materia o nombre geográfico como elemento de entrada | INTEGRACION DE LA PERSPECTIVA DE GENERO |
| 9 (RLIN) | 6471 |
| 650 #0 - PUNTO DE ACCESO ADICIONAL DE MATERIA--TÉRMINO DE MATERIA | |
| Término de materia o nombre geográfico como elemento de entrada | SALUD EN EL TRABAJO |
| 9 (RLIN) | 155 |
| 650 #0 - PUNTO DE ACCESO ADICIONAL DE MATERIA--TÉRMINO DE MATERIA | |
| Término de materia o nombre geográfico como elemento de entrada | PREVENCION |
| 9 (RLIN) | 4589 |
| 650 #0 - PUNTO DE ACCESO ADICIONAL DE MATERIA--TÉRMINO DE MATERIA | |
| Término de materia o nombre geográfico como elemento de entrada | VIOLENCIA EN EL TRABAJO |
| 9 (RLIN) | 12233 |
| 650 #0 - PUNTO DE ACCESO ADICIONAL DE MATERIA--TÉRMINO DE MATERIA | |
| Término de materia o nombre geográfico como elemento de entrada | ACOSO LABORAL |
| 9 (RLIN) | 6866 |
| 650 ## - PUNTO DE ACCESO ADICIONAL DE MATERIA--TÉRMINO DE MATERIA | |
| Término de materia o nombre geográfico como elemento de entrada | ESPAÑA |
| 9 (RLIN) | 9 |
| 700 1# - ENTRADA AGREGADA--NOMBRE PERSONAL | |
| Nombre de persona | MOLERO MARAÑON, María Luisa |
| 9 (RLIN) | 7351 |
| Término indicativo de función/relación | dir. |
| 700 1# - ENTRADA AGREGADA--NOMBRE PERSONAL | |
| Nombre de persona | NIETO ROJAS, Patricia |
| 9 (RLIN) | 33817 |
| Término indicativo de función/relación | dir. |
| 700 1# - ENTRADA AGREGADA--NOMBRE PERSONAL | |
| Nombre de persona | CRUZ VILLALON, Jesús |
| 9 (RLIN) | 525 |
| Término indicativo de función/relación | pr. |
| 700 1# - ENTRADA AGREGADA--NOMBRE PERSONAL | |
| Nombre de persona | ARAGON GOMEZ, Cristina |
| 9 (RLIN) | 18997 |
| Término indicativo de función/relación | ed. lit. |
| 710 2# - ENTRADA AGREGADA--NOMBRE DE ENTIDAD CORPORATIVA | |
| Nombre de entidad corporativa o nombre de jurisdicción como elemento de entrada | ESPAÑA |
| Unidad subordinada | Ministerio de Trabajo y Economía Social |
| -- | Subdirección General de Informes, Recursos y Publicaciones |
| Término indicativo de función/relación | ed. |
| 9 (RLIN) | 33935 |
| 856 ## - LOCALIZACIÓN Y ACCESO ELECTRÓNICOS | |
| Identificador Uniforme de Recursos | <a href="https://docpublicos.ccoo.es/cendoc/069871AcuerdosPlanesIgualdad.pdf">https://docpublicos.ccoo.es/cendoc/069871AcuerdosPlanesIgualdad.pdf</a> |
| Nota pública | |
| 942 ## - ELEMENTOS DE ENTRADA SECUNDARIOS (KOHA) | |
| Tipo de ítem Koha | Documento Electrónico |
| Fuente del sistema de clasificación o colocación | Clasificación Decimal Dewey |
| Suprimir en OPAC | No |
| Estatus retirado | Estado de pérdida | Fuente del sistema de clasificación o colocación | Estado de daño | No para préstamo | Biblioteca de origen | Biblioteca actual | Fecha de adquisición | Número de inventario | Total de préstamos | Código de barras | Visto por última vez | Precio de reemplazo | Tipo de ítem Koha |
|---|---|---|---|---|---|---|---|---|---|---|---|---|---|
| Clasificación Decimal Dewey | CENDO | CENDO | 11/11/2024 | 069871 | 2024-2448 | 11/11/2024 | 11/11/2024 | Documento Electrónico |